000 00250nam a2200109Ia 4500
005 20251222114338.0
008 251222s1900||||xx |||||||||||||| ||spa||
082 _aDVD0093/S17
245 0 _aAdolescentes armados
264 _bSalzman, Eric.
942 _cDVD
999 _c756
_d756